Derecho mercantil

Spremljeno u:
Bibliografski detalji
Glavni autor: Uría González, Rodrigo (Autor)
Format: Knjiga
Jezik:španjolski
Izdano: Madrid Marcial Pons 2002
Izdanje:28a. ed
Teme:
Oznake: Dodaj oznaku
Bez oznaka, Budi prvi tko označuje ovaj zapis!

MARC

LEADER 00000nam a2200000 a 4500
001 UCL9536
003 CL-VaPUC
008 040813e20020000SP |||||||||||||||||spa|d
020 |a 8472489795 
082 0 4 |a 346.4607  |b URI  |2 21 
100 0 |a Uría González, Rodrigo  |e author  |9 487412 
245 1 0 |a Derecho mercantil 
250 |a 28a. ed 
300 |a 1264 p 
942 |c BK 
945 |d 20040813 00:00:00  |a cmena 
260 |a Madrid  |b Marcial Pons  |c 2002 
650 7 |a DERECHO MERCANTIL ESPAÑOL  |2 CL-VaPUC  |9 487413 
650 0 |a Fuentes del derecho   |9 255162 
650 0 |a Jurisprudencia  |9 255952 
650 0 |a Contratos  |9 255153 
650 0 |a Empresas   |9 255569 
650 0 |a Sociedades comerciales   |9 257290 
650 0 |a Obligaciones   |9 255578 
650 7 |a TRAFICO INTERNACIONAL  |2 CL-VaPUC  |9 487414 
650 0 |a Derecho internacional privado  |9 256361 
651 0 |a España  |9 254926 
583 |a last modification  |c 20040813 00:00:00  |k Rodrigo Vera 
999 |c 310298  |d 310296 
952 |0 0  |1 0  |4 0  |6 346_460700000000000_URI_2002  |7 0  |8 A  |9 378592  |a BIBDER  |b BIBDER  |d 2019-11-21  |i 404620K  |l 2  |m 4  |o 346.4607 URI 2002  |p 404620K  |q 2025-12-31  |r 2020-03-20  |s 2020-03-20  |w 2019-11-21  |y BK  |k DER